| 000 | 00000nam##2200000za#4500 |
| 001 | 9.569507 |
| 003 | CaOODSP |
| 005 | 20210624181812 |
| 007 | cr ||||||||||| |
| 008 | 150406|1988||||xxc|||||o f|0| 0 eng|d |
| 040 | |aCaOODSP|beng |
| 043 | |an-cn--- |
| 086 | 1 |aNH18-1/209-1988E-PDF |
| 110 | 2 |aCanada Mortgage and Housing Corporation. |
| 245 | 10|aSpecial housing needs : |h[electronic resource]|ba synthesis of research undertaken to date in Canada / |c[by] Richard Weiler, MaryAnn McLaughlin, Nahid Fagfhoury. |
| 260 | |aOttawa - Ontario : |bCanada Mortgage and Housing Corporation |c1988. |
| 300 | |a124p.|bfig., references, tables |
| 490 | 1 |aResearch report |
| 504 | |aBibliography. |
| 590 | |a11-08-Supp|b2011-06-16 |
| 720 | 1 |aWeiler, Richard |
| 720 | 1 |aMcLaughlin, MaryAnn |
| 720 | 1 |aFagfhoury, Nahid |
| 830 | #0|aResearch report (Canada Mortgage and Housing Corporation : Online)|w(CaOODSP)9.506068 |
| 856 | 40|ahttp://publications.gc.ca|qPDF|s6.20 MB|uhttps://publications.gc.ca/collections/collection_2011/schl-cmhc/nh18-1/NH18-1-209-1988-eng.pdf |